000 00497nam a2200169Ia 4500
008 140321s9999 xx 000 0 und d
020 _a9717250391
050 _aQA 533
_b.N758 2012
100 _aNocon, Ferdinand P.
245 _aSimplified trigonometry :
_bcalulator-based with applications /
_cFerdinand P. Nocon.
260 _aManila :
_bGrandbooks Pub. Inc.,
_cc2012.
300 _a282 p. :
_c26 cm.
521 _aGE
650 _aPlane trigonometry.
942 _kLOC
_cBK
999 _c48483
_d48483